000 00650nam a2200205Ia 4500
001 17060
003 GE_BSU
008 181216s||||||||xx |||||||||||||| ||und||
040 _cGE_BSU
080 _a821.353.1-1 + 821.353.1-144
100 _aამისულაშვილი, შალვა
245 _aლექსები და ბალადები.
245 _cრედ.თ.შავიშვილი
260 _aთბილისი
260 _bსაბჭ. მწერალი
260 _c1955
300 _a92გვ. ; 17სმ.
653 _aლექსები და ბალადები.
942 _cBK
999 _c50122
_d50122